000 01561nam0a2200373 4500
001 RU\NLR\BIBL_A\022085337
005 20260419234524.0
010 _9125
021 _aRU
_bКН-П-23-067889
_9КН-П-23-6898
035 _a(NLR Aleph) 022085337
035 _a(RuMoRGB)012254530
090 _a13658619
_c13658619
100 _a20231130d2023 k y0rusy50 ca
101 0 _arus
_deng
102 _aRU
105 _aa z 000yy
181 0 _ai3
_baxxe
182 0 _an
200 1 _aСлужба обмена сообщениями PyChannel в программном комплексе Sonix+
_fИ. А. Морковников, Л. А. Трунтова
203 _aТекст
_bвизуальный
_cнепосредственный
210 _aДубна
_cИздательский отдел Объединенного института ядерных исследований
_d2023
215 _a5, [1] с.
_cцв. ил.
_d22
225 1 _aПрепринт
_fОбъединенный институт ядерных исследований, Дубна
_vР10-2023-27
300 _aРез. на англ. яз.
320 _aБиблиогр.: с. 5-6 (10 назв.)
606 1 _aPyChannel, служба обмена сообщениями
_2nlr_sh2
_3RU\NLR\AUTH\6601743086
686 1 _aВ381.59с21
686 1 _aЗ466.703-01с116
700 1 _aМорковников
_bИ. А.
701 1 _aТрунтова
_bЛ. А.
942 _cBOOK
980 _aNB